000 00420nam a2200169Ia 4500
008 230524s9999 xx 000 0 und d
020 _a9789384588908
082 _a621.2
_bJAG
100 _aJagadeesha T
_942940
245 0 _aHydraulics and Pneumatics
250 _a1
260 _aNew Delhi
_bI.K.International
_c2015
300 _a"XV,423p;"
500 _aQuantity Number: 1
650 _aMechanics
942 _cBK
999 _c57901
_d57901